Datum a čas kvízu
26
Celkem bodů
Celkový počet nahraných bodů na tomto kvízu bez doplňovacích otázek.
10.
Pořadí na kvízu
Konečné umístění týmu na tomto kvízu.
Zaznamenané odpovědi
| # | Otázka | Odpověď | Body | Výsledky |
|---|---|---|---|---|
| 1. | Minulý týden se stalo hitem so... | (Ford) Mustang, žlutá barva | 1 | |
| 2. | Minulý týden došlo v USA ke zř... | Baltimore | 1 | |
| 3. | Minulý týden byly rozdány ceny... | David Koller, Pam Rabbit | 0.5 | |
| 4. | Minulý týden si žena na severu... | s bambulí (od čepice) | 0 | |
| 5. | Kterými slovy na KF se nazývá... | kolem Flander | 0 | |
| 6. | Věříme, že ovládáte velkou pal... | Řecko | 1 | |
| 7. | Zhruba 56 tisíc lidí obývá ost... | Grónsko | 1 | |
| 8. | Vyberte zemi, jejíž zkratka ná... | C | 1 | |
| 9. | V Evropské unii žije momentáln... | 1C 2B 3A 4D | 1 | |
| 10. | Na snímku z letiště můžete spa... | Dublin | 1 |